00535nam a22001697a 450000500170000001000130001702000110003003500120004103700180005308200080007110000590007924500900013824600670022825000090029526000300030430000310033420151109112339.0 aPUN-7798 c135.00 aPN-6916 aunistar books a851 aਧਾਲੀਵਾਲ, ਅਮਨਦੀਪ ਸਿਂਘ aਵੱਸਦਾ ਸਮੁੰਦਰਾਂ ਤੋਂ ਪਾਰ ਵੀ ਪੰਜਾਬ / aVasda samunderan ton Paar vi punjabbbyAmandeep Singh dhaliwal a2012 aChandigarhbUnistar Books aPg.88b22cmਸਜਿਲਦ